[Event "BL 8788 Koblenz-Porz"]
[Site "?"]
[Date "1987.??.??"]
[Round "?.6"]
[White "Schlick, V."]
[Black "Heinbuch, D."]
[Result "1/2-1/2"]
[WhiteElo "2290"]
[BlackElo "2380"]
[PlyCount "89"]
[EventDate "1987.??.??"]

1. e4 c6 2. d4 d5 3. exd5 cxd5 4. c4 Nf6 5. Nc3 e6 6. Nf3 Bb4 7. Qc2 O-O 8. Bg5
h6 9. Bh4 Be7 10. a3 dxc4 11. Bxc4 Nc6 12. Rd1 Nd5 13. Bxe7 Qxe7 14. O-O Nxc3
15. Qxc3 Qf6 16. Ba2 Bd7 17. Rfe1 Rfd8 18. Bb1 Be8 19. h4 h5 20. Re4 Ne7 21.
Re5 Bc6 22. Rxh5 Bxf3 23. Qxf3 Qxf3 24. gxf3 f5 25. Re1 Kf7 26. Ba2 Rd6 27. Rc1
Rad8 28. Rc7 R6d7 29. Rxd7 Rxd7 30. Rh8 Rxd4 31. Rb8 Rd7 32. Kg2 Ng6 33. Kg3
Ne5 34. Rc8 Ke7 35. h5 Kf7 36. Bb3 a6 37. Bc2 b5 38. Kf4 Nc4 39. Bb3 Rd4+ 40.
Kg5 Ne5 41. Rc7+ Rd7 42. Rc3 Rd3 43. Rc7+ Rd7 44. Rc3 Rd3 45. Rc7+ 1/2-1/2

[Event "BL 8788 Koblenz-Porz"]
[Site "?"]
[Date "1987.??.??"]
[Round "?.7"]
[White "Gerusel, M."]
[Black "Weidemann, J."]
[Result "1/2-1/2"]
[WhiteElo "2380"]
[BlackElo "2290"]
[PlyCount "49"]
[EventDate "1987.??.??"]

1. d4 d6 2. c4 e5 3. Nf3 Nd7 4. e4 Ngf6 5. Nc3 c6 6. Be2 Be7 7. h3 O-O 8. Be3
a6 9. a4 exd4 10. Nxd4 Nc5 11. Qc2 a5 12. Rd1 Qb6 13. O-O Re8 14. Bf4 Bf8 15.
Bf3 Nfd7 16. Rd2 Ne5 17. Be2 Bd7 18. Be3 f6 19. Re1 g6 20. Kh2 Rad8 21. f4 Nf7
22. Bf3 Bc8 23. Rde2 Re7 24. g3 Rde8 25. Bf2 1/2-1/2

[Event "BL 8788 Koblenz-Porz"]
[Site "?"]
[Date "1987.??.??"]
[Round "?.8"]
[White "Fritsche, L."]
[Black "Schmidt, B."]
[Result "1-0"]
[WhiteElo "2300"]
[BlackElo "2325"]
[PlyCount "69"]
[EventDate "1987.??.??"]

1. e4 e6 2. d4 d5 3. e5 c5 4. Nf3 Nc6 5. Bd3 cxd4 6. O-O Nge7 7. Re1 Bd7 8.
Nbd2 Qb6 9. Nb3 h6 10. h4 g6 11. Bf4 Bg7 12. Qe2 a6 13. Rad1 Rc8 14. Nfxd4 Nxd4
15. Qe3 Bb5 16. Nxd4 Bxd3 17. Rxd3 Qxb2 18. Rb3 Qxa2 19. Rxb7 Qc4 20. Reb1 Nc6
21. Nxe6 fxe6 22. Rxg7 Rf8 23. Bxh6 Nd4 24. Rbb7 Ra8 25. Rge7+ Kd8 26. Rbd7+
Kc8 27. Rc7+ Qxc7 28. Rxc7+ Kxc7 29. Bxf8 Rxf8 30. Qxd4 Ra8 31. Qc5+ Kb7 32.
Qe7+ Kb8 33. Qd6+ Kb7 34. Qxe6 a5 35. Qxd5+ 1-0

[Event "BL 8788 Porz-Heidelberg"]
[Site "?"]
[Date "1987.??.??"]
[Round "?.1"]
[White "Ostl, A."]
[Black "Hort, V."]
[Result "0-1"]
[WhiteElo "2385"]
[BlackElo "2570"]
[PlyCount "161"]
[EventDate "1987.??.??"]

1. Nf3 g6 2. d4 Nf6 3. Bg5 Bg7 4. e3 d6 5. Nbd2 Nbd7 6. c3 h6 7. Bh4 g5 8. Bg3
Nh5 9. Bd3 e6 10. Ng1 Ndf6 11. Ne4 Bd7 12. Nxf6+ Nxf6 13. h4 Bc6 14. f3 g4 15.
h5 Rg8 16. e4 gxf3 17. gxf3 Bf8 18. Ne2 Qd7 19. Bf4 O-O-O 20. Qd2 d5 21. e5 Ne4
22. Qe3 Ng5 23. Ng3 Be7 24. Nf1 Bb5 25. Bc2 c5 26. Nh2 Nh3 27. Ng4 Nxf4 28.
Qxf4 Bg5 29. Qh2 cxd4 30. cxd4 Qc7 31. Kd1 Qc4 32. Qf2 Kb8 33. a4 Ba6 34. Rb1
Rc8 35. b4 Qe2+ 36. Qxe2 Bxe2+ 37. Kxe2 Rxc2+ 38. Kf1 Rd2 39. Rg1 Rc8 40. Rg2
Rxd4 41. Kf2 Rc3 42. a5 Rdd3 43. Nh2 Bf4 44. Rg8+ Rc8 45. Rxc8+ Kxc8 46. Ng4
Rd2+ 47. Ke1 Rc2 48. Rd1 Rc4 49. b5 Kd7 50. Ke2 Ke7 51. Rb1 Ra4 52. a6 Ra2+ 53.
Kf1 b6 54. Rb4 Bd2 55. Rd4 Rc2 56. f4 Kf8 57. Nxh6 Be3 58. Rd3 Bxf4 59. Ng4 Kg7
60. Rf3 Rc4 61. h6+ Kh7 62. Ke2 Re4+ 63. Kf1 Bxe5 64. Nxe5 Rxe5 65. Rc3 d4 66.
Rc7 Kxh6 67. Rxa7 Rxb5 68. Rxf7 Kg6 69. Rd7 Ra5 70. Rxd4 Rxa6 71. Rd6 Kf5 72.
Ke2 Ke5 73. Rc6 Kd5 74. Rc8 b5 75. Rb8 Kc5 76. Kd3 Kb4 77. Kc2 Rc6+ 78. Kb2 e5
79. Re8 Rc5 80. Re7 Kc4 81. Re8 0-1

[Event "BL 8788 Porz-Heidelberg"]
[Site "?"]
[Date "1987.??.??"]
[Round "?.3"]
[White "Steinbacher, M."]
[Black "Schoen, W."]
[Result "0-1"]
[WhiteElo "2260"]
[BlackElo "2445"]
[PlyCount "85"]
[EventDate "1987.??.??"]

1. d4 Nf6 2. Nf3 c5 3. d5 d6 4. Nc3 g6 5. e4 Bg7 6. Bb5+ Bd7 7. a4 O-O 8. Bxd7
Nfxd7 9. O-O Na6 10. Re1 Nc7 11. Bf4 a6 12. Qd3 f6 13. Ra3 b6 14. Bd2 Qc8 15.
Rb1 f5 16. Bg5 Rf7 17. exf5 gxf5 18. Re1 Ne5 19. Nxe5 dxe5 20. d6 exd6 21. Qxd6
Qe6 22. Rd1 Bf8 23. Qd2 c4 24. Raa1 Qg6 25. a5 b5 26. f3 Ne6 27. Be3 Rd8 28.
Qf2 Rfd7 29. Bb6 Nf4 30. Kf1 Rxd1+ 31. Rxd1 Rxd1+ 32. Nxd1 Nd5 33. Qd2 Qe6 34.
Qg5+ Kf7 35. Qd8 Qd6 36. Qh4 Nxb6 37. Qxh7+ Ke8 38. Ne3 Nd7 39. Qxf5 Bh6 40.
Qh5+ Kd8 41. Qh4+ Kc7 42. Qe4 Bxe3 43. Qxe3 0-1

[Event "BL 8788 Porz-Heidelberg"]
[Site "?"]
[Date "1987.??.??"]
[Round "?.4"]
[White "Fleck, J."]
[Black "Neunhoeffer, H."]
[Result "1-0"]
[WhiteElo "2385"]
[BlackElo "2260"]
[PlyCount "73"]
[EventDate "1987.??.??"]

1. e4 e5 2. Nf3 Nc6 3. Bb5 a6 4. Ba4 Nf6 5. O-O Nxe4 6. d4 b5 7. Bb3 d5 8. dxe5
Be6 9. c3 Bc5 10. Qd3 O-O 11. Be3 Bxe3 12. Qxe3 Na5 13. Nbd2 Nxd2 14. Nxd2 Qd7
15. Bc2 Bf5 16. Bxf5 Qxf5 17. b4 Nc4 18. Nxc4 dxc4 19. Rad1 Rad8 20. Rd4 Rxd4
21. Qxd4 Qc2 22. a3 h6 23. f4 Qe2 24. h3 Kh8 25. Rf3 Qe1+ 26. Kh2 Qh4 27. Qa7
Qd8 28. Qxa6 Qd5 29. a4 bxa4 30. Qxa4 Ra8 31. Qc2 Ra1 32. Re3 Rd1 33. Qe4 Qd2
34. e6 fxe6 35. Qxe6 Qd6 36. Qc8+ Kh7 37. Qf5+ 1-0

[Event "BL 8788 Porz-Heidelberg"]
[Site "?"]
[Date "1987.??.??"]
[Round "?.5"]
[White "Cicak, S."]
[Black "Schulz, K."]
[Result "1/2-1/2"]
[WhiteElo "2290"]
[BlackElo "2405"]
[PlyCount "160"]
[EventDate "1987.??.??"]

1. e4 c5 2. Nf3 e6 3. c3 d5 4. e5 Bd7 5. d4 Qb6 6. Be2 Bb5 7. O-O Bxe2 8. Qxe2
Nc6 9. dxc5 Bxc5 10. b4 Bf8 11. Bf4 Nge7 12. Nbd2 Ng6 13. Bg3 Be7 14. a3 O-O
15. c4 dxc4 16. Nxc4 Qb5 17. Qe4 a5 18. bxa5 Nxa5 19. Nxa5 Rxa5 20. Rfb1 Qc6
21. Qxc6 bxc6 22. Nd4 Rc8 23. a4 h5 24. h3 h4 25. Bh2 Rca8 26. Nxc6 Rxa4 27.
Rxa4 Rxa4 28. Kf1 Bc5 29. Rc1 Bd4 30. Rd1 Bc3 31. Rc1 Bb2 32. Rc2 Bd4 33. Rd2
Bc3 34. Rd1 Rc4 35. Rd6 Bb2 36. Ke2 Bxe5 37. Nxe5 Nxe5 38. Bxe5 Re4+ 39. Kf3
Rxe5 40. Kg4 Re4+ 41. Kf3 f5 42. Rd7 Kh7 43. Re7 Kg6 44. g4 hxg3 45. fxg3 Kf6
46. Ra7 Rb4 47. h4 Rb3+ 48. Kf2 g6 49. Ra4 e5 50. Ra7 Rb2+ 51. Ke3 Rg2 52. Kf3
Rh2 53. Ke3 e4 54. Ra6+ Kg7 55. Ra8 Kh6 56. Rh8+ Kg7 57. Ra8 g5 58. hxg5 Kg6
59. Rg8+ Kf7 60. Ra8 Rg2 61. Kf4 Rf2+ 62. Ke5 e3 63. Ra1 Kg6 64. Kd4 Rf3 65.
Re1 Rxg3 66. Rxe3 Rg1 67. Kd3 Kxg5 68. Ke2 Kg4 69. Kf2 Ra1 70. Rb3 Ra2+ 71. Kf1
f4 72. Rc3 Rh2 73. Kg1 Rh3 74. Rxh3 Kxh3 75. Kf2 Kg4 76. Kg2 f3+ 77. Kf2 Kf4
78. Kf1 Kg3 79. Kg1 f2+ 80. Kf1 Kf3 1/2-1/2

[Event "BL 8788 Porz-Heidelberg"]
[Site "?"]
[Date "1987.??.??"]
[Round "?.7"]
[White "Gscheidlen, W."]
[Black "Gerusel, M."]
[Result "1/2-1/2"]
[WhiteElo "2205"]
[BlackElo "2380"]
[PlyCount "54"]
[EventDate "1987.??.??"]

1. e4 c5 2. Nf3 Nf6 3. d3 Nc6 4. g3 g6 5. Bg2 Bg7 6. O-O O-O 7. Nc3 e5 8. a3 d6
9. Rb1 a5 10. a4 h6 11. Nd2 Bg4 12. f3 Be6 13. Nc4 d5 14. exd5 Nxd5 15. Nxd5
Bxd5 16. Be3 b6 17. Qd2 Bxc4 18. dxc4 Qxd2 19. Bxd2 f5 20. Rfd1 Rad8 21. c3 Rd7
22. Be1 Rxd1 23. Rxd1 Rd8 24. Rb1 Bf8 25. Kf1 Kf7 26. Ke2 Kf6 27. Bd2 g5
1/2-1/2

[Event "BL 8788 Porz-Heidelberg"]
[Site "?"]
[Date "1987.??.??"]
[Round "?.8"]
[White "Schmidt, B."]
[Black "Zuse, P."]
[Result "1/2-1/2"]
[WhiteElo "2325"]
[BlackElo "2295"]
[PlyCount "120"]
[EventDate "1987.??.??"]

1. d4 Nf6 2. Nf3 g6 3. b3 Bg7 4. Bb2 O-O 5. e3 d5 6. Be2 Bg4 7. O-O Nbd7 8. c4
c5 9. Nbd2 Rc8 10. h3 Be6 11. Ng5 Bf5 12. cxd5 cxd4 13. e4 Nxe4 14. Ndxe4 Bxe4
15. Nxe4 d3 16. Bxg7 dxe2 17. Qxe2 Kxg7 18. Rad1 Nc5 19. Rfe1 Re8 20. Qb2+ f6
21. Ng5 h6 22. Nf3 a5 23. Qb1 Rc7 24. Nh4 f5 25. Qb2+ Kh7 26. Qe5 Rd7 27. Re3
Rd6 28. Rg3 Nd7 29. Qe2 e5 30. dxe6 Rexe6 31. Re3 Rxd1+ 32. Qxd1 Rxe3 33. fxe3
Qe7 34. Qd4 Nf6 35. Nf3 Ne4 36. Ne5 h5 37. Kf1 Qc7 38. Qd7+ Qxd7 39. Nxd7 Nc3
40. a4 Ne4 41. Ke2 Kg7 42. Kd3 h4 43. Ne5 g5 44. Nc4 Nc5+ 45. Kc2 g4 46. Nxa5
Kf6 47. Nc4 gxh3 48. gxh3 f4 49. a5 f3 50. Nd2 f2 51. b4 Na6 52. Kc3 Ke6 53.
Kc4 Kd7 54. b5 Nc7 55. a6 bxa6 56. bxa6 Kc6 57. e4 Ne6 58. e5 Ng5 59. a7 Kb7
60. Nf1 Kxa7 1/2-1/2

[Event "BL 8788 Heidelberg-Wattenscheid"]
[Site "?"]
[Date "1987.??.??"]
[Round "?.2"]
[White "Mack, P."]
[Black "Sandkamp, R."]
[Result "1-0"]
[WhiteElo "2285"]
[BlackElo "2250"]
[PlyCount "93"]
[EventDate "1987.??.??"]

1. c4 Nf6 2. g3 g6 3. Bg2 Bg7 4. Nc3 O-O 5. Nf3 d6 6. O-O Nc6 7. Rb1 a5 8. a3
d5 9. cxd5 Nxd5 10. Nxd5 Qxd5 11. d3 a4 12. Be3 Qa2 13. Nd2 Nd4 14. Ne4 Qb3 15.
Qd2 Qb5 16. Bxd4 Bxd4 17. Rfc1 c6 18. Rc4 Rd8 19. Qh6 Qe5 20. e3 Qg7 21. Qh4
Bxb2 22. Qxe7 Be6 23. Rc2 Rd7 24. Qh4 g5 25. Nxg5 Bxa3 26. Nxe6 fxe6 27. Rc4
Be7 28. Qe4 Qg6 29. Rxa4 Rxa4 30. Qxa4 Qxd3 31. Rxb7 Rxb7 32. Qa8+ Kf7 33. Qxb7
Qd1+ 34. Bf1 c5 35. Qe4 Qh5 36. Bd3 h6 37. Bc4 Qg6 38. Qxg6+ Kxg6 39. Bxe6 Bd8
40. f3 Ba5 41. Kf2 Kf6 42. Bc4 Ke5 43. Ke2 Bc7 44. Kd3 h5 45. h3 Kf6 46. f4 Bb8
47. e4 1-0

[Event "BL 8788 Heidelberg-Wattenscheid"]
[Site "?"]
[Date "1987.??.??"]
[Round "?.5"]
[White "Franke, J."]
[Black "Cicak, S."]
[Result "0-1"]
[WhiteElo "2220"]
[BlackElo "2290"]
[PlyCount "100"]
[EventDate "1987.??.??"]

1. e4 c5 2. Nc3 Nc6 3. g3 g6 4. Bg2 Bg7 5. d3 e6 6. Be3 d6 7. Qd2 Rb8 8. f4
Nge7 9. Nf3 O-O 10. O-O b5 11. e5 Nf5 12. Ne4 Nxe3 13. Qxe3 dxe5 14. Qxc5 Qb6
15. fxe5 Nxe5 16. Nxe5 Bxe5 17. c3 b4 18. d4 Bg7 19. Nf6+ Bxf6 20. Qxb6 Rxb6
21. Rxf6 bxc3 22. bxc3 Ba6 23. Bf1 Kg7 24. Rf2 Rc8 25. Rc1 Bxf1 26. Kxf1 Rd6
27. Rfc2 Kf6 28. Ke2 Kg5 29. Ke3 e5 30. dxe5 Re8 31. Kf3 Rxe5 32. c4 h5 33. Rb1
a6 34. c5 Rf6+ 35. Kg2 Rc6 36. Rbc1 Kf5 37. h4 Ke4 38. Re1+ Kd3 39. Rxe5 Kxc2
40. Rd5 a5 41. Kf3 Kc3 42. Rd7 Kb2 43. Rxf7 Kxa2 44. Ra7 Rxc5 45. Ra6 g5 46.
hxg5 Rxg5 47. Kf4 Rb5 48. g4 hxg4 49. Kxg4 Kb3 50. Kf3 a4 0-1

[Event "BL 8788 Heidelberg-Wattenscheid"]
[Site "?"]
[Date "1987.??.??"]
[Round "?.7"]
[White "Hirsch, S."]
[Black "Gscheidlen, W."]
[Result "1-0"]
[WhiteElo "2240"]
[BlackElo "2205"]
[PlyCount "43"]
[EventDate "1987.??.??"]

1. e4 e6 2. d4 d5 3. Nd2 c5 4. exd5 Qxd5 5. Ngf3 cxd4 6. Bc4 Qc5 7. O-O Nc6 8.
Qe2 Be7 9. Rd1 Qb6 10. Nb3 Bf6 11. Bb5 Nge7 12. Nbxd4 O-O 13. Nxc6 bxc6 14. Bd3
Qc7 15. Ng5 Bxg5 16. Bxg5 f6 17. Be3 c5 18. Bc4 Kh8 19. Qh5 Nf5 20. Rd3 g6 21.
Qe2 Nd6 22. Bf4 1-0

[Event "BL 8788 Kreuzberg-Erlangen"]
[Site "?"]
[Date "1987.??.??"]
[Round "?.1"]
[White "Lehmann, K."]
[Black "Unzicker, W."]
[Result "1-0"]
[WhiteElo "2315"]
[BlackElo "2465"]
[PlyCount "58"]
[EventDate "1987.??.??"]

1. e4 e5 2. Nf3 Nc6 3. Bb5 a6 4. Bxc6 dxc6 5. O-O Qd6 6. d4 exd4 7. Nxd4 Bd7 8.
Be3 O-O-O 9. Nd2 Qg6 10. Qf3 Nf6 11. Qg3 Qxg3 12. hxg3 Ng4 13. Rfe1 Nxe3 14.
Rxe3 Bc5 15. Rd3 Ba7 16. N4f3 h6 17. Kf1 Rhe8 18. Re1 Re7 19. Nh4 Rde8 20. Rd1
g5 21. Nf5 Bxf5 22. exf5 Re2 23. Rf3 g4 24. Rf4 h5 25. b4 c5 26. a3 c4 27. c3
b5 28. f6 R8e5 29. Kg1 Rd5 1-0

[Event "BL 8788 Kreuzberg-Erlangen"]
[Site "?"]
[Date "1987.??.??"]
[Round "?.3"]
[White "Conquest, S."]
[Black "Huenerkopf, H."]
[Result "0-1"]
[WhiteElo "2395"]
[BlackElo "2255"]
[PlyCount "98"]
[EventDate "1987.??.??"]

1. d4 Nf6 2. c4 g6 3. Nc3 d5 4. Nf3 Bg7 5. Qb3 dxc4 6. Qxc4 O-O 7. e4 a6 8. Be2
b5 9. Qb3 c5 10. dxc5 Be6 11. Qc2 Qc7 12. Nd4 Qxc5 13. Nxe6 fxe6 14. Be3 Qc6
15. Rc1 Nbd7 16. O-O b4 17. Na4 Qxc2 18. Rxc2 Nxe4 19. Rc7 Nef6 20. Bd2 Rfd8
21. Re1 Nd5 22. Rb7 Ne5 23. Nc5 Rd6 24. Bxb4 Nxb4 25. Rxb4 Rc8 26. Ne4 Rdc6 27.
g3 a5 28. Rb7 R6c7 29. Rxc7 Rxc7 30. Rd1 Nc6 31. Bc4 Nd4 32. b3 h6 33. Kg2 Kf7
34. Re1 Rc6 35. h4 Bh8 36. Nd2 Bf6 37. Re4 Bg7 38. Rg4 Bf6 39. Bd3 Nf5 40. Nc4
Rc5 41. a3 Bc3 42. Rf4 Bf6 43. Kf1 Rd5 44. Be4 Rc5 45. Bg2 e5 46. Rf3 Nd4 47.
Rd3 Ke6 48. Bh3+ Kd5 49. Bg2+ Ke6 0-1

[Event "BL 8788 Bamberg-HSV"]
[Site "?"]
[Date "1987.??.??"]
[Round "?.2"]
[White "Hartmann, G."]
[Black "Chandler, M."]
[Result "0-1"]
[WhiteElo "2330"]
[BlackElo "2575"]
[PlyCount "74"]
[EventDate "1987.??.??"]

1. e4 c5 2. Nf3 d6 3. d4 cxd4 4. Nxd4 Nf6 5. Nc3 Nc6 6. Be2 e5 7. Nf3 h6 8. O-O
Be7 9. Re1 Be6 10. Bf1 O-O 11. Nd5 Rc8 12. h3 Kh8 13. c4 Nh7 14. Bd2 Ng5 15.
Nh2 f5 16. exf5 Bxf5 17. f4 Ne4 18. Be3 Bh4 19. Re2 Bg3 20. Nf3 Bg6 21. fxe5
Nxe5 22. Nxe5 Bxe5 23. Bxa7 Rxc4 24. Re3 Rc8 25. Qe1 Nf6 26. Bb6 Qd7 27. Nxf6
Rxf6 28. Rd1 Qa4 29. Ra3 Qf4 30. g3 Qg5 31. h4 Qg4 32. Be2 Qe4 33. Rb3 Rc2 34.
Bf1 Qc6 35. Rd2 Rc1 36. Rd1 Rxd1 37. Qxd1 Bc2 0-1

[Event "BL 8788 Bamberg-HSV"]
[Site "?"]
[Date "1987.??.??"]
[Round "?.3"]
[White "Wahls, M."]
[Black "Meister, P."]
[Result "1-0"]
[WhiteElo "2435"]
[BlackElo "2370"]
[PlyCount "83"]
[EventDate "1987.??.??"]

1. e4 c5 2. Nf3 d6 3. d4 cxd4 4. Nxd4 Nf6 5. Nc3 g6 6. Be3 Bg7 7. f3 O-O 8. Bc4
Bd7 9. Qd2 Nc6 10. h4 h5 11. O-O-O Ne5 12. Bb3 Rc8 13. Bh6 Nc4 14. Bxc4 Rxc4
15. Bxg7 Kxg7 16. g4 hxg4 17. h5 Rh8 18. hxg6 fxg6 19. f4 Rxh1 20. Rxh1 Nh5 21.
Nde2 Qh8 22. Kb1 Bc6 23. Qe3 Qh6 24. b3 Rc5 25. Rh4 Bd7 26. e5 Kf8 27. exd6
exd6 28. Qd4 Qg7 29. Qxd6+ Qe7 30. Qd4 Qxh4 31. Qxc5+ Qe7 32. Qxa7 Bc6 33. Qd4
g3 34. f5 Kf7 35. Qh8 Qg5 36. Qh7+ Kf6 37. Qh8+ Kf7 38. fxg6+ Qxg6 39. b4 g2
40. Qd4 Bf3 41. Ng1 Qf5 42. Qf2 1-0

[Event "BL 8788 Bamberg-HSV"]
[Site "?"]
[Date "1987.??.??"]
[Round "?.4"]
[White "Kurz, A."]
[Black "Stein, B."]
[Result "0-1"]
[WhiteElo "2305"]
[BlackElo "2360"]
[PlyCount "70"]
[EventDate "1987.??.??"]

1. d4 Nf6 2. c4 e6 3. Nc3 c5 4. d5 exd5 5. cxd5 d6 6. e4 g6 7. f4 Bg7 8. Bb5+
Nfd7 9. Nf3 a6 10. Bd3 b5 11. O-O O-O 12. Kh1 Re8 13. Qe1 c4 14. Bc2 Nc5 15. e5
Nbd7 16. Qf2 Bb7 17. Bd2 b4 18. Ne4 b3 19. axb3 cxb3 20. Bb1 Nxe4 21. Bxe4 Nc5
22. Bb1 Bxd5 23. Be3 Ne4 24. Bxe4 Bxe4 25. Rfd1 d5 26. Nd4 f6 27. Nxb3 fxe5 28.
fxe5 Rxe5 29. Nc5 Rf5 30. Qd2 Qh4 31. Bd4 Rh5 32. Bg1 Be5 33. Nxe4 Bxh2 34.
Nf6+ Kh8 35. Ra3 Bg3+ 0-1

[Event "BL 8788 Bamberg-HSV"]
[Site "?"]
[Date "1987.??.??"]
[Round "?.5"]
[White "Wegner, H."]
[Black "Ruehrig, V."]
[Result "1/2-1/2"]
[WhiteElo "2370"]
[BlackElo "2360"]
[PlyCount "37"]
[EventDate "1987.??.??"]

1. d4 Nf6 2. c4 c5 3. d5 g6 4. Nc3 Bg7 5. e4 O-O 6. Nf3 e6 7. Be2 exd5 8. cxd5
Re8 9. Nd2 a6 10. a4 Bh6 11. Bf3 d6 12. Nc4 Bxc1 13. Qxc1 Nbd7 14. O-O Ne5 15.
Nxe5 Rxe5 16. a5 h5 17. Re1 Bg4 18. Bd1 b5 19. axb6 1/2-1/2

[Event "BL 8788 Bamberg-HSV"]
[Site "?"]
[Date "1987.??.??"]
[Round "?.6"]
[White "Kestler, H."]
[Black "Reefschlaeger, H."]
[Result "1/2-1/2"]
[WhiteElo "2385"]
[BlackElo "2340"]
[PlyCount "26"]
[EventDate "1987.??.??"]

1. c4 Nf6 2. Nc3 g6 3. Nf3 Bg7 4. g3 O-O 5. Bg2 d6 6. O-O c6 7. d4 a6 8. a4 a5
9. Be3 Na6 10. h3 Nb4 11. Qd2 d5 12. cxd5 cxd5 13. Ne5 Qb6 1/2-1/2

[Event "BL 8788 Bamberg-HSV"]
[Site "?"]
[Date "1987.??.??"]
[Round "?.7"]
[White "Maus, So"]
[Black "Niedermaier, H."]
[Result "1-0"]
[WhiteElo "2375"]
[BlackElo "2230"]
[PlyCount "47"]
[EventDate "1987.??.??"]

1. e4 c5 2. Nf3 Nf6 3. e5 Nd5 4. Nc3 e6 5. Ne4 Nc6 6. c4 Nb6 7. a3 d5 8. exd6
Bxd6 9. d4 f5 10. Nxd6+ Qxd6 11. dxc5 Qxd1+ 12. Kxd1 Na4 13. b4 a5 14. b5 Nb8
15. Be3 Nd7 16. c6 bxc6 17. bxc6 Ndc5 18. Kc2 Rb8 19. Bxc5 Nxc5 20. Ne5 Ke7 21.
Be2 Ba6 22. Rhd1 Rb6 23. Rab1 Rhb8 24. c7 1-0

[Event "BL 8788 Kreuzberg-Bamberg"]
[Site "?"]
[Date "1987.??.??"]
[Round "?.1"]
[White "Zysk, R."]
[Black "Lehmann, K."]
[Result "1-0"]
[WhiteElo "2400"]
[BlackElo "2315"]
[PlyCount "80"]
[EventDate "1987.??.??"]

1. d4 d5 2. Nf3 Nf6 3. c4 c6 4. e3 Bg4 5. Nc3 e6 6. h3 Bxf3 7. Qxf3 Nbd7 8. Bd3
dxc4 9. Bxc4 e5 10. O-O Be7 11. d5 e4 12. Nxe4 Nxe4 13. Qxe4 Nf6 14. Qf3 b5 15.
d6 Qxd6 16. Bxb5 Rc8 17. Rd1 Qe6 18. Ba6 Rb8 19. b3 Rb6 20. Bc4 Qe5 21. Rb1 Qe4
22. Qxe4 Nxe4 23. Bb2 Bf6 24. Bxf6 Nxf6 25. Rbc1 Ke7 26. Be2 Rd8 27. Rxd8 Kxd8
28. Rc4 Nd5 29. Bf3 Ra6 30. e4 Nc7 31. Rc2 Ne6 32. Bg4 Kc7 33. Bxe6 fxe6 34. f4
Ra3 35. e5 a5 36. Kf2 a4 37. Rb2 axb3 38. axb3 Kb6 39. Kf3 c5 40. f5 exf5 1-0

[Event "BL 8788 Kreuzberg-Bamberg"]
[Site "?"]
[Date "1987.??.??"]
[Round "?.5"]
[White "Levitt, J."]
[Black "Hartmann, G."]
[Result "1-0"]
[WhiteElo "2455"]
[BlackElo "2330"]
[PlyCount "77"]
[EventDate "1987.??.??"]

1. d4 Nf6 2. c4 c5 3. d5 g6 4. Nc3 Bg7 5. e4 O-O 6. Bd3 e6 7. Nge2 exd5 8. exd5
d6 9. h3 a6 10. a4 Nbd7 11. f4 Nh5 12. O-O f5 13. Bd2 Re8 14. Qc2 Ndf6 15. a5
Bd7 16. Rfb1 Ne4 17. Bxe4 fxe4 18. Be3 Qh4 19. Nd1 Re7 20. Qd2 Rf8 21. Ra3 Bh6
22. b4 Nxf4 23. Nxf4 Bxf4 24. Bxf4 Qxf4 25. Qxf4 Rxf4 26. bxc5 dxc5 27. Rxb7
Kg7 28. Ne3 Ref7 29. Rc7 Kf6 30. Rxc5 Ke5 31. Rc7 g5 32. Ra7 Bc8 33. Ra8 Rc7
34. Rb3 Kd4 35. d6 Rc5 36. Ra7 Be6 37. Re7 Ke5 38. d7 Rf8 39. Re8 1-0

[Event "BL 8788 Kreuzberg-Bamberg"]
[Site "?"]
[Date "1987.??.??"]
[Round "?.3"]
[White "Meister, P."]
[Black "Conquest, S."]
[Result "1-0"]
[WhiteElo "2370"]
[BlackElo "2395"]
[PlyCount "83"]
[EventDate "1987.??.??"]

1. d4 Nf6 2. c4 g6 3. Nc3 d5 4. Nf3 Bg7 5. cxd5 Nxd5 6. e4 Nxc3 7. bxc3 c5 8.
Rb1 O-O 9. Be2 b6 10. O-O Bb7 11. Qd3 cxd4 12. cxd4 Qd6 13. Ba3 Qf4 14. d5 Ba6
15. Qd1 Qxe4 16. Bxa6 Nxa6 17. Re1 Qf5 18. Bxe7 Rfe8 19. Rc1 Bf8 20. d6 Nc5 21.
Re5 Qd3 22. Qe1 Qa3 23. Rd1 Nd7 24. Re2 Bg7 25. Rc1 Rec8 26. Rc7 Rxc7 27. dxc7
Qa4 28. Bd8 Nf6 29. Ng5 Qa5 30. Qxa5 bxa5 31. Ne4 Nxe4 32. Rxe4 f5 33. Re1 Kf7
34. f4 Bd4+ 35. Kf1 Bb6 36. a4 Rc8 37. Re7+ Kg8 38. Ke2 Bc5 39. Rd7 h5 40. Kd3
a6 41. Bf6 Bf8 42. Be5 1-0

[Event "BL 8788 Kreuzberg-Bamberg"]
[Site "?"]
[Date "1987.??.??"]
[Round "?.4"]
[White "Glienke, M."]
[Black "Kurz, A."]
[Result "1-0"]
[WhiteElo "2305"]
[BlackElo "2305"]
[PlyCount "101"]
[EventDate "1987.??.??"]

1. f4 d5 2. g3 Bg4 3. Nh3 e6 4. Nf2 Bh5 5. Bg2 Nf6 6. O-O Be7 7. d3 O-O 8. Nd2
c5 9. h3 Nc6 10. g4 Bg6 11. e4 dxe4 12. dxe4 h6 13. f5 Bh7 14. c3 Qc7 15. Nf3
Rad8 16. Qc2 exf5 17. exf5 g5 18. Bd2 Nd5 19. Rae1 Kg7 20. a3 c4 21. Qa4 Nb6
22. Qc2 Nd5 23. Re4 b5 24. Nd4 Nxd4 25. Rxd4 Nb6 26. Be3 Bc5 27. Rxd8 Rxd8 28.
Bxc5 Qxc5 29. Rd1 Rxd1+ 30. Qxd1 f6 31. Qf3 Qc7 32. Qc6 Qxc6 33. Bxc6 Na4 34.
Bxb5 Nxb2 35. Kf1 Bg8 36. Ke2 Bd5 37. Ke3 Kf8 38. Kd4 Bg2 39. Bxc4 Nxc4 40.
Kxc4 Ke7 41. Kc5 Kd7 42. a4 Kc7 43. c4 Kd7 44. a5 Kc7 45. Kd4 Kc6 46. Nd1 Bxh3
47. Ne3 a6 48. c5 Bxg4 49. Nxg4 h5 50. Nxf6 h4 51. Ng4 1-0

[Event "BL 8788 Kreuzberg-Bamberg"]
[Site "?"]
[Date "1987.??.??"]
[Round "?.5"]
[White "Ruehrig, V."]
[Black "Grzesik, F."]
[Result "1-0"]
[WhiteElo "2360"]
[BlackElo "2255"]
[PlyCount "49"]
[EventDate "1987.??.??"]

1. Nf3 d5 2. c4 e6 3. g3 Nf6 4. Bg2 Be7 5. O-O O-O 6. b3 b6 7. Bb2 Bb7 8. d3 c5
9. e3 Nbd7 10. Nbd2 Qc7 11. Qe2 Rfd8 12. Rac1 Rac8 13. d4 Qb8 14. Ne5 Ne4 15.
Nxd7 Rxd7 16. Nxe4 dxe4 17. d5 Rcd8 18. dxe6 Rd2 19. Qh5 fxe6 20. Bc3 R2d7 21.
Bh3 Qd6 22. Rcd1 Qxd1 23. Bxe6+ Kh8 24. Rxd1 Rxd1+ 25. Kg2 1-0

[Event "BL 8788 Kreuzberg-Bamberg"]
[Site "?"]
[Date "1987.??.??"]
[Round "?.6"]
[White "Dietze, F."]
[Black "Kestler, H."]
[Result "1/2-1/2"]
[WhiteElo "2240"]
[BlackElo "2385"]
[PlyCount "46"]
[EventDate "1987.??.??"]

1. d4 Nf6 2. c4 d6 3. Nc3 e5 4. Nf3 Nc6 5. d5 Ne7 6. e4 g6 7. h3 Bg7 8. Be3 O-O
9. g4 c6 10. Qd2 cxd5 11. cxd5 Bd7 12. Bd3 a6 13. O-O-O b5 14. Bc2 b4 15. Ne2
a5 16. g5 Nh5 17. Kb1 Qb8 18. Rc1 a4 19. Bd3 Qb7 20. Rc4 Bb5 21. Rcc1 Bd7 22.
Rc4 Bb5 23. Rcc1 Bd7 1/2-1/2

[Event "BL 8788 Kreuzberg-Bamberg"]
[Site "?"]
[Date "1987.??.??"]
[Round "?.5"]
[White "Niedermaier, H."]
[Black "Grzesik, T."]
[Result "1/2-1/2"]
[WhiteElo "2230"]
[BlackElo "2300"]
[PlyCount "92"]
[EventDate "1987.??.??"]

1. e4 e5 2. Nf3 Nc6 3. Bb5 Bc5 4. c3 Nge7 5. O-O Bb6 6. d4 exd4 7. cxd4 d5 8.
exd5 Nxd5 9. Re1+ Be6 10. Ng5 O-O 11. Qc2 g6 12. Nxe6 fxe6 13. Bxc6 bxc6 14.
Bh6 Rf7 15. Qe4 Qf6 16. Nd2 Bxd4 17. Nf3 Bxb2 18. Rad1 e5 19. Qe2 Bc3 20. Rf1
Re8 21. Ng5 Rd7 22. Ne4 Qf5 23. Nxc3 Nxc3 24. Qc4+ Nd5 25. Qxc6 Qe6 26. Qc5 c6
27. h3 Qd6 28. Qc4 Rb7 29. Rc1 Re6 30. Rfd1 Rb8 31. Rd2 e4 32. Be3 Qe7 33. Qd4
a5 34. Bh6 Rd8 35. Be3 Rb8 36. Rdc2 Nb4 37. Rc4 Nd3 38. Rf1 c5 39. Qc3 Rb4 40.
Rxc5 Nxc5 41. Bxc5 Qb7 42. Bxb4 axb4 43. Qc4 Qb6 44. Rb1 e3 45. fxe3 Qxe3+ 46.
Kh1 Qe4 1/2-1/2

[Event "BL 8788 HSV-Erlangen"]
[Site "?"]
[Date "1987.??.??"]
[Round "?.1"]
[White "Unzicker, W."]
[Black "Nunn, J."]
[Result "1/2-1/2"]
[WhiteElo "2465"]
[BlackElo "2585"]
[PlyCount "91"]
[EventDate "1987.??.??"]

1. e4 c5 2. Nf3 d6 3. Bb5+ Nd7 4. d4 Ngf6 5. Nc3 cxd4 6. Qxd4 e5 7. Qd3 h6 8.
Be3 Be7 9. a4 O-O 10. O-O Nb8 11. Nd5 Nxd5 12. Qxd5 Qc7 13. Nd2 Nc6 14. c3 Be6
15. Qd3 Rac8 16. Rfc1 Bg5 17. Bc4 Bxe3 18. Qxe3 Rcd8 19. Qd3 Ne7 20. Bxe6 fxe6
21. Qc4 Qd7 22. Qb5 Nc6 23. Nb3 Rf4 24. Rd1 Qf7 25. f3 g5 26. Na5 Nxa5 27. Qxa5
b6 28. Qb4 d5 29. a5 bxa5 30. Qxa5 Rd7 31. Qa6 Kg7 32. Qe2 dxe4 33. Rxd7 Qxd7
34. fxe4 Qb7 35. b4 Rxe4 36. Qa6 Qf7 37. g3 Re3 38. Qxa7 Rxc3 39. Qxf7+ Kxf7
40. Rb1 Ke7 41. b5 Kd7 42. b6 Kc8 43. b7+ Kb8 44. Rb6 Rc1+ 45. Kg2 Rc2+ 46. Kg1
1/2-1/2